<?xml version="1.0" encoding="UTF-8"?>
<collection xmlns="http://www.loc.gov/MARC21/slim">
 <record>
  <leader>     na                 </leader>
  <controlfield tag="001">INLIS000000001270575</controlfield>
  <controlfield tag="005">20240130023802</controlfield>
  <datafield tag="035" ind1=" " ind2=" ">
   <subfield code="a">0010-0124000219</subfield>
  </datafield>
  <controlfield tag="006">a    g      000 f</controlfield>
  <controlfield tag="007">ta</controlfield>
  <controlfield tag="008">240130                g          f ind  </controlfield>
  <datafield tag="040" ind1=" " ind2=" ">
   <subfield code="a">JKPNPNA</subfield>
   <subfield code="b">ind</subfield>
   <subfield code="c">JBPUPMDM</subfield>
   <subfield code="e">rda</subfield>
  </datafield>
  <datafield tag="100" ind1="3" ind2=" ">
   <subfield code="a">Ha, Yooji</subfield>
   <subfield code="e">Pengarang</subfield>
   <subfield code="e">Ha, Yooji</subfield>
   <subfield code="e">Pengarang</subfield>
  </datafield>
  <datafield tag="245" ind1="1" ind2=" ">
   <subfield code="a">Adakah orang yang tidak kesepian di dunia ini? /</subfield>
   <subfield code="c">by Ha Yooji ; penerjemah, Primastuti Dewi ; penyunting, Febriani R</subfield>
  </datafield>
  <datafield tag="300" ind1=" " ind2=" ">
   <subfield code="a">281 halaman ;</subfield>
   <subfield code="c">20 cm</subfield>
  </datafield>
  <datafield tag="020" ind1=" " ind2=" ">
   <subfield code="a">978-623-04-0897-7</subfield>
  </datafield>
  <datafield tag="082" ind1=" " ind2=" ">
   <subfield code="a">895.75</subfield>
  </datafield>
  <datafield tag="084" ind1=" " ind2=" ">
   <subfield code="a">895.75 HAY a</subfield>
  </datafield>
  <datafield tag="264" ind1=" " ind2=" ">
   <subfield code="a">Jakarta :</subfield>
   <subfield code="b">Bhuana Sastra,</subfield>
   <subfield code="c">2022.</subfield>
  </datafield>
  <datafield tag="264" ind1=" " ind2=" ">
   <subfield code="a">Â©2019 by Ha Yooji</subfield>
  </datafield>
  <datafield tag="336" ind1=" " ind2=" ">
   <subfield code="2">rdacontent</subfield>
   <subfield code="a">teks</subfield>
  </datafield>
  <datafield tag="337" ind1=" " ind2=" ">
   <subfield code="2">rdamedia</subfield>
   <subfield code="a">tanpa perantara</subfield>
  </datafield>
  <datafield tag="338" ind1=" " ind2=" ">
   <subfield code="2">rdacarrier</subfield>
   <subfield code="a">volume</subfield>
  </datafield>
  <datafield tag="520" ind1=" " ind2=" ">
   <subfield code="a">&quot;Mengenal orang memang sulit. Iya, kan? Tapi lebih sulit memahami. Entah memahami orang lain, atau bahkan diri sendiri.&quot; Dalam sebuah panci presto peninggalan sang ayah, Yeongo yang kini sebatang kara menemukan sebuah buku catatan dengan tiga nama di dalamnya: Hong Kangjoo, Moon Okbong, dan Myeong Bora. Yeongo penasaran ada cerita apa di balik nama-nama yang tertulis. Mungkin ada cerita yang akan memberi rasa pada cinta dan hari-harinya yang tak tahu harus dibawa ke mana. Berharap ia bisa lebih memahami sang ayah, terlebih lagi, dirinya sendiri. Lim Seok, atlet junior tenis yang sebentar lagi akan pegi ke akademi tenis di Australia, justru terjebak dalam kasus yang amat rumit. Lim Seok yang baru saja sadarkan diri langsung digiring ke kantor polisi dan diperiksa perihal menyetir tanpa izin dan penggunaan obat. Ia dituduh menjadi penyebab kecelakaan. Padahal, ia tidak bisa menyetir, menyentuh pun tidak. Ini bukan sekadar kompetisi. Ini adalah kebencian. Ini bukan tentang kemenangan. Ini adalah pencarian kebenaran.</subfield>
  </datafield>
  <datafield tag="650" ind1=" " ind2="4">
   <subfield code="a">Fiksi Korea (dalam bahasa Indonesia)</subfield>
  </datafield>
  <datafield tag="700" ind1="0" ind2=" ">
   <subfield code="a">Primastuti Dewi</subfield>
   <subfield code="e">penerjemah</subfield>
  </datafield>
  <datafield tag="700" ind1="0" ind2=" ">
   <subfield code="a">Febriani R.</subfield>
   <subfield code="e">penyunting</subfield>
  </datafield>
  <datafield tag="850" ind1=" " ind2=" ">
   <subfield code="a">JBPUPMDM</subfield>
  </datafield>
  <datafield tag="856" ind1=" " ind2=" ">
   <subfield code="x">http://opac.perpusnas.go.id/uploaded_files/sampul_koleksi/original/Monograf/1572528.JPG?rnd=1689156886</subfield>
   <subfield code="y">http://opac.perpusnas.go.id/DetailOpac.aspx?id=1572528</subfield>
  </datafield>
  <datafield tag="990" ind1=" " ind2=" ">
   <subfield code="a">00651/PMDM/2023</subfield>
  </datafield>
  <datafield tag="990" ind1=" " ind2=" ">
   <subfield code="a">00652/PMDM/2023</subfield>
  </datafield>
  <datafield tag="990" ind1=" " ind2=" ">
   <subfield code="a">00653/PMDM/2023</subfield>
  </datafield>
 </record>
</collection>
<pre>An Error occurred while handling another error:
yii\web\HeadersAlreadySentException: Headers already sent in /var/www/html/inlislite3/common/components/MarcHelpers.php on line 193. in /var/www/html/inlislite3/vendor/yiisoft/yii2/web/Response.php:369
Stack trace:
#0 /var/www/html/inlislite3/vendor/yiisoft/yii2/web/Response.php(342): yii\web\Response-&gt;sendHeaders()
#1 /var/www/html/inlislite3/vendor/yiisoft/yii2/web/ErrorHandler.php(136): yii\web\Response-&gt;send()
#2 /var/www/html/inlislite3/vendor/yiisoft/yii2/base/ErrorHandler.php(152): yii\web\ErrorHandler-&gt;renderException(Object(yii\web\HeadersAlreadySentException))
#3 [internal function]: yii\base\ErrorHandler-&gt;handleException(Object(yii\web\HeadersAlreadySentException))
#4 {main}
Previous exception:
yii\web\HeadersAlreadySentException: Headers already sent in /var/www/html/inlislite3/common/components/MarcHelpers.php on line 193. in /var/www/html/inlislite3/vendor/yiisoft/yii2/web/Response.php:369
Stack trace:
#0 /var/www/html/inlislite3/vendor/yiisoft/yii2/web/Response.php(342): yii\web\Response-&gt;sendHeaders()
#1 /var/www/html/inlislite3/vendor/yiisoft/yii2/base/Application.php(390): yii\web\Response-&gt;send()
#2 /var/www/html/inlislite3/opac/index.php(26): yii\base\Application-&gt;run()
#3 {main}</pre><br />
<b>Warning</b>:  file_put_contents(/var/www/html/inlislite3/opac/runtime/debug/6a05efd86d893.data): failed to open stream: Permission denied in <b>/var/www/html/inlislite3/vendor/yiisoft/yii2-debug/src/LogTarget.php</b> on line <b>74</b><br />
